| 000 | 02121nam0a2200361 4500 | ||
|---|---|---|---|
| 001 | RU\NLR\BIBL_A\010195349 | ||
| 005 | 20260515143613.0 | ||
| 010 |
_a5-9904851-2-9 _91500 |
||
| 021 |
_aRU _b2014-10305 _9657 |
||
| 035 | _a(NLR Aleph) 010195349 | ||
| 090 |
_a10218877 _c10218877 |
||
| 100 | _a20140227d2014 k y0rusy50 ca | ||
| 101 | 0 | _arus | |
| 102 | _aRU | ||
| 105 | _aa|||z|||000yc | ||
| 200 | 1 |
_aЖировое перерождение печени и ишемическая болезнь сердца _eгериатрические аспекты _f[Антонова Анна Михайловна к.м.н., Баранов Владислав Сергеевич проф., чл.-корр. РАМН, проф., Болдуева Светлана Афанасьевна д.м.н., проф. и др.] _gпод ред. Л.П. Хорошининой |
|
| 210 |
_aМосква _cКонцепт Дизайн _d2014 |
||
| 215 |
_a349 с. _cил., цв. ил. _d22 |
||
| 300 | _aАвт. указаны на 3-й с. | ||
| 320 | _aБиблиогр. в конце глав | ||
| 606 | 1 |
_aИшемическая болезнь сердца пожилых и старых людей _92463619 _3RU\NLR\AUTH\661463693 |
|
| 606 | 1 |
_aПечень _xЖировая дистрофия у пожилых и старых людей _92189079 _3RU\NLR\AUTH\6601551926 |
|
| 686 | 1 | _aР410.14-92 | |
| 686 | 1 | _aР413.510.4-92 | |
| 701 | 1 |
_7ca _arus _aАнтонова _bА. М. _cканд. мед. наук, лучевая диагностика _gАнна Михайловна _9135019 _3RU\NLR\AUTH\770135053 |
|
| 701 | 1 |
_7ca _8rus _aБаранов _bВ. С. _cд-р мед. наук, генетика _f1940-2022 _gВладислав Сергеевич _913527 _3RU\NLR\AUTH\7730509 |
|
| 701 | 1 |
_aБолдуева _bС. А. _gСветлана Афанасьевна |
|
| 702 | 1 |
_4340 _7ca _8rus _aХорошинина _bЛ. П. _f1954- _gЛидия Павловна _9117538 _3RU\NLR\AUTH\777605 |
|
| 942 | _cBOOK | ||
| 980 | _aNBR | ||
| 980 | _aNB | ||